000 01122nam a2200157 4500
001 14058
005 20260326153714.0
010 _a9782807104549
090 _a14058
099 _o0
100 _a20260326d u||y0frey50 ba
200 _aSemeurs de panique
_bLIVR
214 _cLansman
330 _aDans la lointaine contrée du Limousin, c'est la canicule. Les rivières sont asséchées, les animaux ont soif et les humains restent les bras croisés. Il faut trouver un moyen pour que la pluie irrigue de nouveau ce pays asséché par le désespoir et la paresse des adultes. Jo, sept ans et demi, accompagné de Gentiane, sa grenouille de compagnie, part à la recherche d'un soi-disant cerf magique capable de régénérer le sol, les animaux et les hommes. Les deux amis devront affronter Desperanda qui a poussé les adultes à abandonner ce paradis terrestre à la cupidité et à la destruction. Armés de leur courage et d'un sens de l'organisation approximatif, Jo et Gentiane parviendront à faire reculer la sécheresse... en semant la panique.
610 _aécologie
_aforêt
_avivant
_arévolte
700 _aSouchaud
_bMathilde